Analysis of population ageing in Slovakia: time and regional dimensions

Podrobná bibliografia
Hlavní autori: Mládek, Jozef (Autor), Káčerová, Marcela, 1981- (Autor)
Médium: Článok
Jazyk:angličtina
Fyzický popis:Obr., tab.
ISSN:0016-7193
Predmet:

MARC

LEADER 00000nab a2200000 a 4500
001 vtls010257877
003 SK-MaSNL
005 20260318124824.0
008 14022809c2008 xo o |||||||||||||||b|en
015 |a SNBRB2008/05 
035 |a SVKKK000094659 
038 |a SVKKK 
040 |a SVKKK  |b slo  |c SVKKK  |e AACR2 
041 0 |a eng  |b eng  |b slo 
044 |a xo  |c SK 
080 |a 316.346.3(437.6)  |2 1997 
100 1 |a Mládek, Jozef  |4 aut  |9 718161 
245 1 0 |a Analysis of population ageing in Slovakia: time and regional dimensions  |c Jozef Mládek, Marcela Káčerová 
300 |b Obr., tab. 
504 |a Bibliogr. odkazy 
546 |a Res. angl., slov. 
650 0 7 |a populačné starnutie  |x regióny  |z Slovensko  |2 snkbucl  |9 1294298 
700 1 |a Káčerová, Marcela,  |d 1981-  |4 aut  |9 249435 
773 0 |t Geografický časopis  |g Roč. 60, č. 2 (2008), s. 179-197  |x 0016-7193 
852 |a SVKKK  |b BIB 
958 |a NB 
958 |a SK 
999 |c 2575578  |d 2577508